[Event "Euskadi-ch U18"]
[Site "Eibar"]
[Date "2013.04.04"]
[Round "4"]
[White "Jauregi Barandiaran, Jon"]
[Black "Laseca Arana, Irati"]
[Result "1-0"]
[WhiteElo "1603"]
[BlackElo "1595"]
[PlyCount "69"]
[EventDate "2013.04.02"]
[EventType "swiss"]
[EventRounds "7"]
[EventCountry "ESP"]
[SourceTitle "EXT 2015"]
[Source "ChessBase"]
[SourceDate "2014.11.20"]
[SourceVersion "1"]
[SourceVersionDate "2014.11.20"]
[SourceQuality "1"]

1. e4 c5 2. c3 e6 3. d4 cxd4 4. cxd4 b6 5. Nf3 Bb7 6. Bd3 Nf6 7. Qc2 Nc6 8. a3 Rc8 9. Nc3 d6 10. 0-0 Be7 11. Bd2 e5 12. d5 Nd4 13. Qa4+ Qd7 14. Qxd7+ Nxd7 15. Nxd4 exd4 16. Ne2 Nc5 17. Bb5+ Kf8 18. Rac1 a6 19. Bc6 Bxc6 20. dxc6 Nxe4 21. Bf4 d3 22. Ng3 Nc5 23. Nf5 Na4 24. Rfe1 Bf6 25. Bxd6+ Kg8 26. Ne7+ Bxe7 27. Rxe7 h6 28. c7 Nxb2 29. Bf4 Kf8 30. Rce1 Kg8 31. Rd7 Kh7 32. Ree7 Rhe8 33. Rxe8 Rxe8 34. h3 Rc8 35. Rd8 1-0

[Event "Navarra-chT Primera Gp1"]
[Site "Navarra"]
[Date "2012.10.20"]
[Round "2.3"]
[White "Laseca Arana, Irati"]
[Black "Donazar Garayoa, Miguel"]
[Result "0-1"]
[WhiteElo "1520"]
[BlackElo "1788"]
[PlyCount "90"]
[EventDate "2012.10.13"]
[EventType "team-swiss"]
[EventRounds "5"]
[EventCountry "ESP"]
[SourceTitle "EXT 2014"]
[Source "ChessBase"]
[SourceDate "2013.11.20"]
[SourceVersion "1"]
[SourceVersionDate "2013.11.20"]
[SourceQuality "1"]
[WhiteTeam "Oberena III"]
[BlackTeam "Sancho El Fuerte Tiebas"]
[WhiteTeamCountry "ESP"]
[BlackTeamCountry "ESP"]

1. e4 e5 2. Nf3 Nc6 3. Bb5 a6 4. Ba4 Nf6 5. 0-0 Be7 6. Re1 b5 7. Bb3 d6 8. a3 0-0 9. d3 Bg4 10. Be3 d5 11. exd5 Nxd5 12. Bxd5 Qxd5 13. Nc3 Qd7 14. Ne4 f5 15. Nc3 Rae8 16. h3 Bh5 17. Nxe5 Nxe5 18. Qxh5 Bf6 19. Bg5 g6 20. Qh4 Bg7 21. Bh6 Bf6 22. Qg3 Rf7 23. Re2 Rfe7 24. Rae1 Nf7 25. Rxe7 Rxe7 26. Rxe7 Qxe7 27. Bf4 Qe1+ 28. Kh2 Bxc3 29. bxc3 Qxc3 30. Bxc7 Qxc2 31. d4 Qc6 32. Ba5 Qd6 33. Qxd6 Nxd6 34. Bb4 Nc4 35. Kg3 Kf7 36. Kf4 h6 37. h4 Ke6 38. Bf8 a5 39. Kf3 Kd5 40. Bc5 Nd2+ 41. Ke3 Nb3 42. Bb6 Kc4 43. f3 a4 44. g4 fxg4 45. fxg4 b4 0-1

[Event "ESP-ch (Women)"]
[Site "Padron"]
[Date "2011.08.02"]
[Round "3"]
[White "Boix Pons, Catalina"]
[Black "Laseca Arana, Irati"]
[Result "1-0"]
[WhiteElo "1900"]
[BlackElo "1478"]
[PlyCount "55"]
[EventDate "2011.08.01"]
[EventType "swiss"]
[EventRounds "7"]
[EventCountry "ESP"]
[SourceTitle "CBM 143 Extra"]
[Source "ChessBase"]
[SourceDate "2011.08.29"]
[SourceVersion "1"]
[SourceVersionDate "2011.08.29"]
[SourceQuality "1"]

1. d4 d5 2. c4 c6 3. e3 Nf6 4. Nc3 Bf5 5. Nf3 Nbd7 6. cxd5 Nxd5 7. Nxd5 cxd5 8. Qb3 Nb6 9. Bb5+ Bd7 10. Ne5 e6 11. 0-0 Rb8 12. Bd2 Bxb5 13. Qxb5+ Nd7 14. f4 Bd6 15. f5 Bxe5 16. dxe5 Qb6 17. Qa4 Qxb2 18. fxe6 fxe6 19. Rad1 Qxe5 20. Rf3 Rd8 21. Rdf1 Qd6 22. Bb4 Qc6 23. Rf7 Rc8 24. Qd1 Ne5 25. Rxg7 Qb6 26. Qh5+ Ng6 27. Rxg6 Qxe3+ 28. Kh1 1-0

[Event "Huarte Puente Foral op-B 5th"]
[Site "Huarte"]
[Date "2010.12.06"]
[Round "5"]
[White "Laseca Arana, Irati"]
[Black "Adrian Abad, Miguel"]
[Result "1/2-1/2"]
[WhiteElo "1409"]
[BlackElo "1612"]
[PlyCount "29"]
[EventDate "2010.12.03"]
[EventType "swiss"]
[EventRounds "7"]
[EventCountry "ESP"]
[SourceTitle "EXT 2016"]
[Source "ChessBase"]
[SourceDate "2015.10.08"]
[SourceVersion "1"]
[SourceVersionDate "2015.10.08"]
[SourceQuality "1"]

1. e4 e6 2. d4 d5 3. Nd2 c5 4. c3 Nc6 5. Ngf3 Qb6 6. exd5 exd5 7. Qe2+ Be7 8. dxc5 Qxc5 9. Nb3 Qd6 10. Nfd4 a6 11. Qc2 Nf6 12. Bd3 Ne5 13. Bf4 0-0 14. f3 Re8 15. Nf5 1/2-1/2

[Event "Huarte Puente Foral op-B 5th"]
[Site "Huarte"]
[Date "2010.12.04"]
[Round "2"]
[White "Laseca Arana, Irati"]
[Black "Rodriguez Montes, Sostenes"]
[Result "0-1"]
[WhiteElo "1409"]
[BlackElo "1774"]
[PlyCount "56"]
[EventDate "2010.12.03"]
[EventType "swiss"]
[EventRounds "7"]
[EventCountry "ESP"]
[SourceTitle "EXT 2016"]
[Source "ChessBase"]
[SourceDate "2015.10.08"]
[SourceVersion "1"]
[SourceVersionDate "2015.10.08"]
[SourceQuality "1"]

1. e4 c5 2. Nf3 d6 3. d4 cxd4 4. Nxd4 Nf6 5. Nc3 a6 6. Bc4 e5 7. Nb3 Be7 8. Be3 Qc7 9. Bd5 Bd7 10. Bg5 Nc6 11. Bxf6 Bxf6 12. Qh5 0-0 13. 0-0 g6 14. Qd1 Rac8 15. Qf3 Bg7 16. Qd1 Kh8 17. f4 f5 18. Nd2 exf4 19. Rxf4 Qb6+ 20. Kh1 Qxb2 21. Ne2 Qxa1 22. Qxa1 Bxa1 23. c3 Ne5 24. Bxb7 Rb8 25. Bxa6 Rb6 26. Rf1 Rxa6 27. Rxa1 Rfa8 28. exf5 Rxa2 0-1